[Event "10th Dolomiti Open 2019"]
[Site "Forni di Sopra"]
[Date "2019.06.15"]
[Round "1.1"]
[White "Ivanchuk, Vassily"]
[Black "Le Goff, Ronan"]
[Result "1-0"]
[WhiteElo "2691"]
[BlackElo "2229"]
[Annotator "TA"]
[PlyCount "49"]
[EventDate "2019.06.15"]
[EventType "swiss"]
[EventCountry "ITA"]
[SourceTitle "playchess.com"]
[Source "ChessBase"]
[SourceQuality "1"]

{[%evp 18,49,29,25,32,42,36,36,65,58,66,73,110,105,114,108,104,62,77,77,344,335,346,346,356,364,358,342,625,621,836,827,841,813]} 1. e4 e5 2. Nf3 Nc6 3. Bb5 a6 4. Ba4 d6 5. O-O Bd7 6. c3 g6 7. d4 Bg7 8. h3 Nf6 9. Re1 O-O 10. Nbd2 {[%cal Bb1d2,Bd2f1,Bf1h2,Bh2f3][%mdl 32]} Re8 {C60: Ruy Lopez: Unusual Black 3rd moves and 3...g6} (10... h6 11. Nf1 Re8 12. Ng3 b5 13. Bc2 exd4 14. cxd4 Nb4 15. Bb1 c5 16. d5 a5 17. a3 Na6 18. Bf4 {1-0 (57) Ivanchuk,V (2726)-Mamedyarov,S (2799) Huaian 2017}) 11. Bc2 h6 12. Nf1 Nh5 {White is slightly better.} 13. Be3 Qf6 14. N1h2 Nf4 {[#]} 15. dxe5 $1 Nxe5 16. Nxe5 Qxe5 $146 ({Predecessor:} 16... Rxe5 17. Qf3 Nh5 18. g4 {1-0 (33) Mannion,S (2293)-Kozarcanin,S (2048) Caleta 2019}) 17. Nf3 Qf6 {[#]} 18. e5 $1 $36 {[%mdl 2560] White has strong initiative.} Rxe5 $2 {[%mdl 8192]} (18... Nxh3+ $16 19. gxh3 Qe6) (18... dxe5 19. Qxd7) 19. Nxe5 $18 Qxe5 20. Qf3 $1 {[%csl LRb7,LRf4]} g5 21. Bxf4 ({Much less strong is} 21. Qxb7 Qd5 $18) 21... Qxf4 22. Qxb7 Rc8 $2 (22... Rf8 23. Qxc7 Be6) 23. Re7 {White is clearly winning.} Re8 24. Rxd7 Qd2 25. Qf3 {Accuracy: White = 96%, Black = 18%.} 1-0

[Event "10th Dolomiti Open 2019"]
[Site "Forni di Sopra"]
[Date "2019.06.15"]
[Round "1.2"]
[White "Motola, Jacopo"]
[Black "Dreev, Aleksey"]
[Result "0-1"]
[WhiteElo "2229"]
[BlackElo "2657"]
[Annotator "RC"]
[PlyCount "76"]
[EventDate "2019.06.15"]
[EventType "swiss"]
[EventCountry "ITA"]
[SourceTitle "playchess.com"]
[Source "ChessBase"]
[SourceQuality "1"]
[TimeControl "40/5400+30:1800+30"]

1. d4 {[%emt 0:00:00]} Nf6 {[%emt 0:00:00]} 2. Nf3 {[%emt 0:00:00]} b6 {[%emt 0:01:24]} 3. g3 {[%emt 0:00:18]} Bb7 {[%emt 0:00:09]} 4. Bg2 {[%emt 0:00:11]} g6 {[%emt 0:00:08]} 5. c4 {[%emt 0:00:53]} Bg7 {[%emt 0:00:07]} 6. O-O {[%emt 0:00:20]} O-O {[%emt 0:00:21]} 7. Nc3 {[%emt 0:00:26]} Ne4 {[%emt 0:00:21]} 8. Nxe4 {[%emt 0:04:56]} Bxe4 {[%emt 0:00:09]} 9. Ne1 {[%emt 0:00:11]} Bxg2 {[%emt 0:01:10]} 10. Kxg2 {[%emt 0:00:33]} c5 {[%emt 0:04:43]} 11. d5 {[%emt 0:00:52]} b5 {[%emt 0:02:54]} 12. cxb5 {[%emt 0:01:11]} Qb6 {[%emt 0:01:26]} 13. d6 {[%emt 0:17:46]} e6 {[%emt 0:05:41]} 14. Nc2 {[%emt 0:06:56]} Qxb5 {[%emt 0:01:17]} 15. Na3 {[%emt 0:00:44]} Qa6 {[%emt 0:04:00]} 16. f4 {[%emt 0:06:24]} Nc6 {[%emt 0:02:59]} 17. Qd3 {[%emt 0:06:51]} Qb7 {[%emt 0:07:13]} 18. e4 {[%emt 0:11:19]} f5 {[%emt 0:06:17]} 19. Nc4 {[%emt 0:12:32]} Nb4 {[%emt 0:02:01]} 20. Qe2 {[%emt 0:00:35]} fxe4 {[%emt 0:01:24]} 21. Be3 {[%emt 0:04:47]} Rf5 {[%emt 0:01:05]} 22. Rad1 {[%emt 0:01:41]} Raf8 {[%emt 0:03:05]} 23. b3 {[%emt 0:08:04]} Qa6 {[%emt 0:05:54]} 24. a3 {[%emt 0:00:41]} Nd5 {[%emt 0:00:45]} 25. Rde1 {[%emt 0:01:18]} Qb7 {[%emt 0:02:54]} 26. Qc2 {[%emt 0:00:36]} Rb8 {[%emt 0:06:23]} 27. Qxe4 {[%emt 0:01:49]} Qxb3 {[%emt 0:02:45]} 28. g4 {[%emt 0:04:19]} Nf6 {[%emt 0:05:12]} 29. Qf3 {[%emt 0:01:26]} Nxg4 {[%emt 0:00:46]} 30. Nd2 {[%emt 0:03:10]} Qd5 {[%emt 0:00:34]} 31. Qxd5 {[%emt 0:01:51]} Nxe3+ {[%emt 0:02:00]} 32. Rxe3 {[%emt 0:00:05]} exd5 {[%emt 0:00:07]} 33. Re7 {[%emt 0:00:19]} Rf7 {[%emt 0:01:30]} 34. Nf3 {[%emt 0:01:16]} Rxe7 {[%emt 0:00:43]} 35. dxe7 {[%emt 0:00:05]} Kf7 {[%emt 0:00:54]} 36. Re1 {[%emt 0:00:06]} Bf6 {[%emt 0:00:27]} 37. Ne5+ {[%emt 0:00:18]} Bxe5 {[%emt 0:00:15]} 38. Rxe5 {[%emt 0:00:03]} d6 {[%emt 0:00:14]} 0-1

[Event "10th Dolomiti Open 2019"]
[Site "Forni di Sopra"]
[Date "2019.06.15"]
[Round "1.3"]
[White "Mareco, Sandro"]
[Black "Orfini, Nicolo`"]
[Result "1-0"]
[WhiteElo "2643"]
[BlackElo "2228"]
[Annotator "TA"]
[PlyCount "57"]
[EventDate "2019.06.15"]
[EventType "swiss"]
[EventCountry "ITA"]
[SourceTitle "playchess.com"]
[Source "ChessBase"]
[SourceQuality "1"]

{[%evp 13,57,24,23,27,35,20,43,39,40,29,29,29,39,33,31,28,66,73,55,60,66,19,35,14,61,60,56,54,144,0,20,0,129,109,1793,1715,29980,29981,29982,29983,29982,29983,29982,29982,29988,77]} 1. Nf3 d5 2. d4 Nf6 3. c4 dxc4 4. e3 e6 5. Bxc4 a6 6. O-O b5 7. Bd3 Bb7 8. Qe2 {D26: Queen's Gambit Accepted: 4 e3 e6 5 Bxc5 c5 sidelines} Nbd7 9. a4 b4 10. e4 {White is slightly better.} Be7 11. Nbd2 c5 12. e5 Nd5 13. Nb3 cxd4 14. Bd2 Nc5 15. Nxc5 Bxc5 16. Rac1 Be7 {[#]} 17. Rc4 $146 ({Predecessor:} 17. Qe4 Qd7 18. Qg4 Kf8 19. Qxd4 h6 20. h4 g6 21. Qg4 Kg7 22. Rc4 Rad8 {½-½ (22) Bauer,C (2646)-Hera,I (2619) Belgium 2018}) 17... Qd7 18. a5 Qa4 19. Nxd4 Qxa5 20. Rfc1 Qd8 {[#]} ({Black should play} 20... O-O $14) 21. Nb3 ({White has to play} 21. Qg4 $1 $16 {[%cal Rg4g7]} g6 22. Bh6) 21... a5 22. Rg4 Kf8 {[#]} (22... O-O $1 $11 {keeps the balance.}) 23. Rxg7 $3 $16 {[%mdl 512] Threatens to win with Bh6.} h6 $2 {[%mdl 8192] [#]} (23... Kxg7 $2 {loses.} 24. Qg4+ Kf8 25. Bh6+ Ke8 26. Bb5+ Qd7 27. Nd4 $18) (23... h5 $16 24. Rh7 Rxh7 25. Bxh7 Ke8) 24. Rxf7+ $1 $18 {[%mdl 512]} Kxf7 25. Qh5+ {[%mdl 64] Double Attack. White mates.} Kf8 26. Bxh6+ Rxh6 27. Qxh6+ {[%mdl 64] Double Attack} Ke8 28. Qh5+ Kf8 29. Qh8+ {Accuracy: White = 80%, Black = 23%.} 1-0

[Event "10th Dolomiti Open 2019"]
[Site "Forni di Sopra"]
[Date "2019.06.15"]
[Round "1.4"]
[White "Ojas Kulkarni"]
[Black "Deac, Bogdan-Daniel"]
[Result "0-1"]
[WhiteElo "2226"]
[BlackElo "2623"]
[Annotator "TA"]
[PlyCount "46"]
[EventDate "2019.06.15"]
[EventType "swiss"]
[EventCountry "ITA"]
[SourceTitle "playchess.com"]
[Source "ChessBase"]
[SourceQuality "1"]

{[%evp 10,46,10,15,8,16,8,20,15,4,0,6,25,23,23,23,23,22,22,22,18,-89,-86,-110,-95,-137,-105,-107,-137,-164,-170,-192,-181,-247,-247,-500,-500,-495,-477]} 1. d4 Nf6 2. c4 e6 3. Nc3 $146 ({Predecessor:} 3. Nf3 d5 4. Nc3 {½-½ (34) Nisipeanu,L (2672)-Wojtaszek,R (2733) Dortmund 2018}) 3... Bb4 4. Nf3 d5 5. Qb3 c5 6. dxc5 Na6 {D38: Queen's Gambit Declined: Ragozin Defence (4 Nf3 Bb4)} 7. a3 Bxc3+ 8. Qxc3 {Threatening cxd5.} Nxc5 {The position is equal.} 9. cxd5 Qxd5 10. Be3 {Strongly threatening Rd1.} Nce4 11. Qe5 Qxe5 12. Nxe5 Nd5 13. Bc1 Bd7 14. f3 Nc5 15. b4 (15. e4 $11 Nb3 16. Rb1 (16. exd5 Nxa1 17. Kf2 Rc8 $15)) 15... Nb3 $17 16. Rb1 Ba4 $1 {aiming for ...Nc3.} 17. Bd2 Nxd2 18. Kxd2 {[#]} Rc8 $1 19. Rb2 Ke7 20. e4 {[#]} Nb6 $1 21. Bd3 (21. Ke1 $142) 21... Rhd8 $19 22. Ra2 $2 (22. Ke2 {was the only chance.}) 22... Bb3 23. Rb2 Nc4+ {Accuracy: White = 33%, Black = 97%.} 0-1

[Event "10th Dolomiti Open 2019"]
[Site "Forni di Sopra"]
[Date "2019.06.15"]
[Round "1.5"]
[White "Martinez Alcantara, Jose Eduardo"]
[Black "Pasini, Nicolo"]
[Result "1-0"]
[WhiteElo "2583"]
[BlackElo "2224"]
[Annotator "ChessBase"]
[PlyCount "67"]
[EventDate "2019.06.15"]
[EventType "swiss"]
[EventCountry "ITA"]
[SourceTitle "playchess.com"]
[Source "ChessBase"]
[SourceQuality "1"]
[TimeControl "40/5400+30:1800+30"]

1. e4 {[%emt 0:00:00]} e5 {[%emt 0:00:00]} 2. Nf3 {[%emt 0:00:00]} Nc6 {[%emt 0:00:00]} 3. Bb5 {[%emt 0:00:00]} Nf6 {[%emt 0:00:00]} 4. d3 {[%emt 0:00:00]} Bc5 {[%emt 0:00:04]} 5. c3 {[%emt 0:00:00]} O-O {[%emt 0:00:09]} 6. Nbd2 {[%emt 0:01:10]} d6 {[%emt 0:00:11]} 7. O-O {[%emt 0:00:56]} a5 {[%emt 0:05:18]} 8. h3 {[%emt 0:01:49]} Ne7 {[%emt 0:05:52]} 9. d4 {[%emt 0:00:31]} exd4 {[%emt 0:00:15]} 10. cxd4 {[%emt 0:00:06]} Bb6 {[%emt 0:02:27]} 11. Re1 {[%emt 0:07:04]} c6 {[%emt 0:00:22]} 12. Bd3 {[%emt 0:00:41]} Ng6 {[%emt 0:01:18]} 13. Nc4 {[%emt 0:03:20]} Bc7 {[%emt 0:01:52]} 14. e5 {[%emt 0:00:24]} dxe5 {[%emt 0:02:27]} 15. dxe5 {[%emt 0:00:20]} Nd5 {[%emt 0:03:31]} 16. Bg5 {[%emt 0:06:03]} f6 {[%emt 0:06:19]} 17. exf6 {[%emt 0:02:29]} gxf6 {[%emt 0:00:54]} 18. Bh6 {[%emt 0:00:34]} Re8 {[%emt 0:00:52]} 19. Rxe8+ {[%emt 0:16:52]} Qxe8 {[%emt 0:00:12]} 20. Ne3 {[%emt 0:00:10]} Nge7 {[%emt 0:43:08]} 21. Nd4 {[%emt 0:10:09]} Nxe3 {[%emt 0:03:46]} 22. Bxe3 {[%emt 0:01:18]} Nd5 {[%emt 0:00:45]} 23. Bc4 {[%emt 0:01:03]} Kh8 {[%emt 0:02:41]} 24. Bxd5 {[%emt 0:04:17]} cxd5 {[%emt 0:00:40]} 25. Rc1 {[%emt 0:00:39]} Bd6 {[%emt 0:04:27]} 26. Nf3 {[%emt 0:02:32]} Be6 {[%emt 0:03:19]} 27. Qd4 {[%emt 0:00:46]} Qe7 {[%emt 0:03:24]} 28. Bf4 {[%emt 0:07:40]} Kg7 {[%emt 0:04:02]} 29. Re1 {[%emt 0:01:34]} Bc5 {[%emt 0:00:41]} 30. Rxe6 {[%emt 0:00:56]} Qxe6 {[%emt 0:00:05]} 31. Qxc5 {[%emt 0:00:06]} Rc8 {[%emt 0:01:30]} 32. Qxa5 {[%emt 0:02:03]} Qe4 {[%emt 0:00:19]} 33. Be3 {[%emt 0:00:36]} Rc2 {[%emt 0:03:03]} 34. Qb6 {[%emt 0:00:39]} 1-0

[Event "10th Dolomiti Open 2019"]
[Site "Forni di Sopra"]
[Date "2019.06.15"]
[Round "1.6"]
[White "Polterauer, Chiara"]
[Black "Cruz, Cristhian"]
[Result "0-1"]
[WhiteElo "2223"]
[BlackElo "2561"]
[Annotator "TA"]
[PlyCount "80"]
[EventDate "2019.06.15"]
[EventType "swiss"]
[EventCountry "ITA"]
[SourceTitle "playchess.com"]
[Source "ChessBase"]
[SourceQuality "1"]

{[%evp 17,80,-20,50,50,45,69,60,49,61,62,63,53,66,41,98,92,101,108,105,129,110,8,17,5,18,0,4,0,7,-71,-10,-15,16,14,27,21,68,0,85,0,0,0,0,0,0,0,0,-231,-35,-407,-96,-94,-138,-181,-70,-461,-391,-407,-361,-2508,-1960,-29991,-29992,-29998,-29999]} 1. e4 c5 2. Nf3 e6 3. d4 cxd4 4. Nxd4 Nf6 5. Nc3 d6 6. Be3 a6 7. Qd2 b5 8. f3 Nbd7 9. g4 Nb6 ({Black should try} 9... h6 $11) 10. a4 $14 {B80: Sicilian Scheveningen: 6 g3 and 6 Be3, including English Attack} Nc4 11. Bxc4 $1 bxc4 12. g5 {White is slightly better.} (12. a5 Qc7 13. g5 Nd7 14. Kd1 Rb8 15. Kc1 Nc5 16. Na4 Nxa4 17. Rxa4 Be7 {0-1 (53) Yu,Y (2734)-Xu,J (2534) Wuxi 2016}) 12... Nd7 13. f4 Bb7 14. f5 Nc5 15. Qg2 exf5 ({Black should play} 15... g6 $14 16. fxe6 fxe6) 16. Nxf5 $16 g6 $146 ({Predecessor:} 16... Nxe4 17. O-O-O Nc5 {1-0 (29) Kozionov,K (2399)-Briata,F (2110) Batumi 2014}) 17. O-O-O Nxa4 18. Nxa4 gxf5 19. Bb6 (19. Bd4 $1 $16 {[%cal Rd4h8]} Rg8 20. Rhe1 fxe4 21. Rxe4+ Be7 22. Qe2 Bxe4 23. Qxe4) 19... Qe7 $11 20. Rhe1 {next Bd4 is good for White.} Bg7 {[%cal Rb7e4]} 21. Qd2 Bxe4 22. Nc3 O-O 23. Nd5 (23. Bd4 $1 $11) 23... Qe6 {[#]} (23... Qd7 $17 {aiming for ...Qa4.} 24. Rxe4 (24. Nf6+ Bxf6 25. gxf6 Kh8 $17) 24... fxe4) 24. Nf6+ $1 {[%mdl 576] Discovered Attack} Kh8 (24... Bxf6 25. gxf6) 25. Bd4 {[#] And now Qf2 would win.} c3 $1 26. Bxc3 (26. bxc3 Bxf6) 26... Rac8 27. Re3 ({Better is} 27. Nxe4 $14 fxe4 28. Bxg7+ (28. Qxd6 Qa2 $11) 28... Kxg7 29. Qd4+ (29. Qxd6 Qa2 $11) 29... Kg8 30. Rxe4) 27... Qa2 (27... Bxf6 $11 28. Bxf6+ Kg8) 28. Qf2 (28. Qd4 $1 $16 {Rh3! would kill now.} Rc4 29. Qxd6) 28... Rxc3 $40 {[%mdl 128] Black is up to no good.} 29. Rxc3 Qa1+ $1 30. Kd2 Qxb2 31. Rg1 {Strongly threatening Qh4!} Qb4 {White must now prevent ...Bxf6.} 32. Qe3 $2 (32. Rgg3 $1 $11) 32... a5 $2 (32... Bxf6 $1 $19 33. gxf6 f4 $1 {[%mdl 576] Deflection} 34. Qxf4 Qd4+ {[%mdl 64] Double Attack} 35. Rd3 Qxg1 36. Qxe4 Qxh2+ 37. Qe2 Qh4) 33. Ke2 $2 {[%mdl 8192]} (33. Kc1 $1 $15) 33... Qb5+ $2 (33... Bxf6 $1 $19 34. gxf6 f4 $1 {[%mdl 512]}) 34. Kf2 Qe5 35. Rc7 {[#]} d5 (35... a4 $1 $19 {...a3 is the strong threat.} 36. h4 a3 37. Qxa3 Qh2+ 38. Kf1 Qf4+ 39. Ke1 {[#]} Bc6 $1 {[%mdl 512]}) 36. Rc5 $2 {[%mdl 8192]} ({White has to play} 36. Qg3 $15 f4 37. Qc3) 36... Qxh2+ 37. Kf1 Rb8 {( -> ...Rb1+)} 38. Qb3 $2 (38. Qf2 Qd6 39. Rxa5) 38... a4 39. Rc8+ Rxc8 40. Qb7 {[#]} Bd3+ $1 {[%mdl 64] Back Rank. Accuracy: White = 36%, Black = 33%.} 0-1

[Event "10th Dolomiti Open 2019"]
[Site "Forni di Sopra"]
[Date "2019.06.15"]
[Round "1.7"]
[White "Santos Ruiz, Miguel"]
[Black "Soto, Miguel Angel"]
[Result "1-0"]
[WhiteElo "2557"]
[BlackElo "2217"]
[Annotator "ChessBase"]
[PlyCount "51"]
[EventDate "2019.06.15"]
[EventType "swiss"]
[EventCountry "ITA"]
[SourceTitle "playchess.com"]
[Source "ChessBase"]
[SourceQuality "1"]
[TimeControl "40/5400+30:1800+30"]

1. e4 {[%emt 0:00:00]} e6 {[%emt 0:03:18]} 2. d4 {[%emt 0:00:00]} d5 {[%emt 0:00:45]} 3. Nd2 {[%emt 0:00:00]} Nf6 {[%emt 0:01:22]} 4. e5 {[%emt 0:00:18]} Nfd7 {[%emt 0:00:16]} 5. c3 {[%emt 0:00:13]} c5 {[%emt 0:01:29]} 6. Bd3 {[%emt 0:00:33]} Nc6 {[%emt 0:01:21]} 7. Ne2 {[%emt 0:00:29]} cxd4 {[%emt 0:01:38]} 8. cxd4 {[%emt 0:00:09]} f6 {[%emt 0:00:52]} 9. exf6 {[%emt 0:00:22]} Qxf6 {[%emt 0:01:04]} 10. O-O {[%emt 0:01:15]} Bd6 {[%emt 0:01:43]} 11. Nf3 {[%emt 0:02:08]} h6 {[%emt 0:00:19]} 12. Ng3 {[%emt 0:01:12]} O-O {[%emt 0:04:17]} 13. Bc2 {[%emt 0:04:06]} Rd8 {[%emt 0:01:52]} 14. Re1 {[%emt 0:02:23]} Nf8 {[%emt 0:02:36]} 15. Ne5 {[%emt 0:04:44]} Bd7 {[%emt 0:04:37]} 16. Nh5 {[%emt 0:02:46]} Qh4 {[%emt 0:02:38]} 17. Nxg7 {[%emt 0:00:10]} Kxg7 {[%emt 0:21:38]} 18. Re3 {[%emt 0:03:39]} Nxe5 {[%emt 0:13:49]} 19. dxe5 {[%emt 0:09:53]} Bc5 {[%emt 0:06:24]} 20. Rh3 {[%emt 0:22:12]} Qxf2+ {[%emt 0:07:04]} 21. Kh1 {[%emt 0:00:08]} Qg1+ {[%emt 0:04:05]} 22. Qxg1 {[%emt 0:00:10]} Be3 {[%emt 0:17:53]} 23. Qf2 Bxf2 {[%emt 0:00:00]} 24. Bxh6+ {[%emt 0:45:10] Bg1 Re1+} Kf7 25. Rf1 {[%emt 0:00:00]} Ke7 {[%emt 0:00:00]} 26. Bg5+ {[%emt 0:00:00]} 1-0

[Event "10th Dolomiti Open 2019"]
[Site "Forni di Sopra"]
[Date "2019.06.15"]
[Round "1.8"]
[White "Alok Sinha"]
[Black "Basso, Pier Luigi"]
[Result "1-0"]
[WhiteElo "2205"]
[BlackElo "2539"]
[Annotator "ChessBase"]
[PlyCount "92"]
[EventDate "2019.06.15"]
[EventType "swiss"]
[EventCountry "ITA"]
[SourceTitle "playchess.com"]
[Source "ChessBase"]
[SourceQuality "1"]
[TimeControl "40/5400+30:1800+30"]

1. e4 {[%emt 0:00:00]} e5 {[%emt 0:00:00]} 2. Nf3 {[%emt 0:00:00]} Nc6 {[%emt 0:00:00]} 3. Bc4 {[%emt 0:00:00]} Bc5 {[%emt 0:00:00]} 4. c3 {[%emt 0:00:00]} Nf6 {[%emt 0:00:00]} 5. d3 {[%emt 0:00:02]} O-O {[%emt 0:00:07]} 6. O-O {[%emt 0:00:05]} d5 {[%emt 0:00:07]} 7. exd5 {[%emt 0:00:07]} Nxd5 {[%emt 0:00:04]} 8. Re1 {[%emt 0:00:33]} Bg4 {[%emt 0:00:36]} 9. Nbd2 {[%emt 0:00:35]} Nb6 {[%emt 0:00:46]} 10. h3 {[%emt 0:00:13]} Bh5 {[%emt 0:00:23]} 11. Bb3 {[%emt 0:00:18]} Qxd3 {[%emt 0:02:22]} 12. Nxe5 {[%emt 0:00:12]} Qf5 {[%emt 0:02:25]} 13. Nef3 {[%emt 0:00:26]} Rad8 {[%emt 0:03:41]} 14. g4 {[%emt 0:00:28]} Bxg4 {[%emt 0:00:06]} 15. hxg4 {[%emt 0:00:03]} Qxg4+ {[%emt 0:00:08]} 16. Kh1 {[%emt 0:00:04]} Bxf2 {[%emt 0:01:53]} 17. Re2 {[%emt 0:18:48]} Bg3 {[%emt 0:23:49]} 18. Qf1 {[%emt 0:13:23]} Na5 {[%emt 0:11:40]} 19. Nh2 {[%emt 0:24:03]} Bxh2 {[%emt 0:04:02]} 20. Rxh2 {[%emt 0:00:48]} Nxb3 {[%emt 0:00:08]} 21. axb3 {[%emt 0:00:06]} Rd5 {[%emt 0:12:38]} 22. Qe2 {[%emt 0:16:53]} Qd7 {[%emt 0:02:01]} 23. Rg2 {[%emt 0:08:02]} Re8 {[%emt 0:00:55]} 24. Ne4 {[%emt 0:00:31]} Kh8 {[%emt 0:04:04]} 25. Bh6 {[%emt 0:08:06]} g6 {[%emt 0:12:11]} 26. c4 {[%emt 0:06:39]} Rde5 {[%emt 0:00:42]} 27. Qf3 {[%emt 0:00:22]} Qc6 {[%emt 0:07:16]} 28. Qf6+ {[%emt 0:01:08]} Qxf6 {[%emt 0:00:02]} 29. Nxf6 {[%emt 0:00:04]} Rd8 {[%emt 0:03:23]} 30. Bd2 {[%emt 0:00:41]} Kg7 {[%emt 0:01:09]} 31. Bc3 {[%emt 0:00:07]} Rf5 {[%emt 0:00:06]} 32. Rh2 {[%emt 0:01:47]} h6 {[%emt 0:01:29]} 33. Ng4+ {[%emt 0:00:28]} f6 {[%emt 0:00:03]} 34. Nxf6 {[%emt 0:00:32]} Rxf6 {[%emt 0:01:13]} 35. Rf2 {[%emt 0:00:05]} Rdf8 {[%emt 0:01:11]} 36. Rxf6 {[%emt 0:00:13]} Rxf6 {[%emt 0:00:05]} 37. Rxa7 {[%emt 0:00:05]} Kf7 {[%emt 0:00:11]} 38. Bxf6 {[%emt 0:00:07]} Kxf6 {[%emt 0:00:05]} 39. Rxb7 {[%emt 0:00:06]} Nd7 {[%emt 0:01:01]} 40. Rxc7 {[%emt 0:00:13]} Ke6 {[%emt 0:00:24]} 41. Rc6+ {[%emt 0:30:52]} Kf5 {[%emt 0:31:17]} 42. b4 {[%emt 0:00:13]} Ne5 {[%emt 0:00:04]} 43. Rc7 {[%emt 0:00:34]} Ke6 {[%emt 0:01:53]} 44. b5 {[%emt 0:00:14]} Kd6 {[%emt 0:00:06]} 45. b6 {[%emt 0:00:08]} Nd7 {[%emt 0:00:02]} 46. c5+ {[%emt 0:00:10]} Kd5 {[%emt 0:07:12]} 1-0

[Event "10th Dolomiti Open 2019"]
[Site "Forni di Sopra"]
[Date "2019.06.15"]
[Round "1.9"]
[White "Castellanos Rodriguez, Renier"]
[Black "Dev, Shah"]
[Result "1-0"]
[WhiteElo "2511"]
[BlackElo "2183"]
[Annotator "ChessBase"]
[PlyCount "61"]
[EventDate "2019.06.15"]
[EventType "swiss"]
[EventCountry "ITA"]
[SourceTitle "playchess.com"]
[Source "ChessBase"]
[SourceQuality "1"]
[TimeControl "40/5400+30:1800+30"]

1. e4 {[%emt 0:00:00]} e5 {[%emt 0:00:24]} 2. Nf3 {[%emt 0:00:00]} Nc6 {[%emt 0:00:12]} 3. Bb5 {[%emt 0:00:00]} a6 {[%emt 0:00:13]} 4. Ba4 {[%emt 0:00:00]} Nf6 {[%emt 0:00:10]} 5. d3 {[%emt 0:00:04]} b5 {[%emt 0:00:23]} 6. Bb3 {[%emt 0:00:01]} Be7 {[%emt 0:00:22]} 7. a4 {[%emt 0:00:38]} b4 {[%emt 0:02:02]} 8. Nbd2 {[%emt 0:01:09]} d6 {[%emt 0:02:04]} 9. O-O {[%emt 0:00:55]} O-O {[%emt 0:00:25]} 10. c3 {[%emt 0:02:11]} Rb8 {[%emt 0:04:03]} 11. Re1 {[%emt 0:06:44]} Be6 {[%emt 0:06:30]} 12. Bxe6 {[%emt 0:04:23]} fxe6 {[%emt 0:00:14]} 13. Nf1 {[%emt 0:01:19]} Qd7 {[%emt 0:09:32]} 14. Ng3 {[%emt 0:01:06]} bxc3 {[%emt 0:03:43]} 15. bxc3 {[%emt 0:00:04]} Na5 {[%emt 0:00:16]} 16. d4 {[%emt 0:08:39]} exd4 {[%emt 0:09:20]} 17. cxd4 {[%emt 0:00:11]} Nb3 {[%emt 0:00:35]} 18. Ra2 {[%emt 0:02:07]} Nxc1 {[%emt 0:04:42]} 19. Qxc1 {[%emt 0:00:26]} Rb4 {[%emt 0:00:35]} 20. h3 {[%emt 0:08:10]} Rc8 {[%emt 0:02:19]} 21. e5 {[%emt 0:23:25]} Nd5 {[%emt 0:01:20]} 22. Ne4 {[%emt 0:39:28]} c5 {[%emt 0:09:45]} 23. exd6 {[%emt 0:00:00]} cxd4 {[%emt 0:01:36]} 24. Rc2 {[%emt 0:00:00]} Rxc2 {[%emt 0:00:39]} 25. Qxc2 {[%emt 0:00:00]} Bf6 {[%emt 0:00:01]} 26. Nfg5 {[%emt 0:00:00]} Bxg5 {[%emt 0:07:14]} 27. Nxg5 {[%emt 0:00:00]} Nf6 {[%emt 0:00:38]} 28. Rxe6 {[%emt 0:00:00]} h6 {[%emt 0:05:04]} 29. Re7 {[%emt 0:00:00]} d3 {[%emt 0:03:18]} 30. Rxd7 {[%emt 0:00:00]} dxc2 {[%emt 0:00:10]} 31. Rd8+ {[%emt 0:00:00]} 1-0

[Event "10th Dolomiti Open 2019"]
[Site "Forni di Sopra"]
[Date "2019.06.15"]
[Round "1.10"]
[White "Borges, Guilherme Deola"]
[Black "Valsecchi, Alessio"]
[Result "0-1"]
[WhiteElo "2171"]
[BlackElo "2504"]
[Annotator "ChessBase"]
[PlyCount "89"]
[EventDate "2019.06.15"]
[EventType "swiss"]
[EventCountry "ITA"]
[SourceTitle "playchess.com"]
[Source "ChessBase"]
[SourceQuality "1"]
[TimeControl "40/5400+30:1800+30"]

1. d4 {[%emt 0:00:00]} e6 {[%emt 0:00:01]} 2. c4 {[%emt 0:00:00]} b6 {[%emt 0:00:09]} 3. Nc3 {[%emt 0:00:41]} Bb4 {[%emt 0:00:29]} 4. Nf3 {[%emt 0:01:53]} Bb7 {[%emt 0:00:17]} 5. Bg5 {[%emt 0:02:08]} f6 {[%emt 0:02:38]} 6. Bh4 {[%emt 0:01:08]} Ne7 {[%emt 0:03:28]} 7. e3 {[%emt 0:03:12]} Nf5 {[%emt 0:16:29]} 8. Bg3 {[%emt 0:06:16]} Nc6 {[%emt 0:02:12]} 9. Bd3 {[%emt 0:07:53]} Qe7 {[%emt 0:01:02]} 10. Qc2 {[%emt 0:04:24]} Nxg3 {[%emt 0:05:16]} 11. hxg3 {[%emt 0:00:23]} O-O-O {[%emt 0:00:09]} 12. O-O-O {[%emt 0:03:02]} Bxc3 {[%emt 0:05:01]} 13. Qxc3 {[%emt 0:00:17]} g6 {[%emt 0:02:31]} 14. Kb1 {[%emt 0:11:06]} Nb4 {[%emt 0:05:30]} 15. Ne1 {[%emt 0:07:43]} Nxd3 {[%emt 0:03:46]} 16. Qxd3 {[%emt 0:00:02]} d5 {[%emt 0:01:24]} 17. c5 {[%emt 0:01:04]} bxc5 {[%emt 0:06:42]} 18. Qa3 {[%emt 0:00:32]} Qd6 {[%emt 0:02:32]} 19. dxc5 {[%emt 0:03:06]} Qa6 {[%emt 0:02:35]} 20. Qc3 {[%emt 0:01:19]} e5 {[%emt 0:01:19]} 21. Rh4 {[%emt 0:01:26]} d4 {[%emt 0:04:23]} 22. exd4 {[%emt 0:00:44]} g5 {[%emt 0:00:07]} 23. Rh1 {[%emt 0:02:54]} Be4+ {[%emt 0:01:58]} 24. Ka1 {[%emt 0:03:14]} Rxd4 {[%emt 0:02:35]} 25. Rxd4 {[%emt 0:10:17]} exd4 {[%emt 0:00:13]} 26. Qd2 {[%emt 0:00:25]} d3 {[%emt 0:05:30]} 27. Nf3 {[%emt 0:03:39]} Bd5 {[%emt 0:04:43]} 28. b3 {[%emt 0:02:09]} Bxf3 {[%emt 0:00:31]} 29. gxf3 {[%emt 0:00:13]} Re8 {[%emt 0:00:27]} 30. Re1 {[%emt 0:17:21]} Rxe1+ {[%emt 0:05:46]} 31. Qxe1 {[%emt 0:00:08]} Qc6 {[%emt 0:00:29]} 32. Qe3 {[%emt 0:01:40]} Qd7 {[%emt 0:02:18]} 33. Qd2 {[%emt 0:01:12]} h5 {[%emt 0:00:38]} 34. Kb1 {[%emt 0:00:31]} c6 {[%emt 0:00:35]} 35. Kc1 {[%emt 0:01:45]} Qd4 {[%emt 0:01:11]} 36. Qa5 {[%emt 0:00:21]} Kb7 {[%emt 0:00:14]} 37. Kd2 {[%emt 0:01:44]} h4 {[%emt 0:00:44]} 38. b4 {[%emt 0:00:40]} h3 {[%emt 0:00:14]} 39. a4 {[%emt 0:01:25]} Qxf2+ {[%emt 0:01:13]} 40. Kxd3 {[%emt 0:00:15]} Qxf3+ {[%emt 0:00:30]} 41. Kd4 {[%emt 0:30:59]} Qg4+ {[%emt 0:30:22]} 42. Kc3 {[%emt 0:00:00]} Qxg3+ {[%emt 0:00:00]} 43. Kc4 {[%emt 0:00:00]} Qf4+ {[%emt 0:00:00]} 44. Kc3 {[%emt 0:00:00]} Qc7 {[%emt 0:00:00]} 45. Kd4 {[%emt 0:03:19]} 0-1